000 01380cam a22003378i 4500
001 17437535
003 ARRUPE
005 20160428121536.0
008 120822s2012 nju b 001 0beng
010 _a 2012025742
020 _a9781118299265 (hardback)
040 _aDLC
_beng
_cDLC
_erda
042 _apcc
043 _ae-au---
050 0 0 _aQC16.S265
_bG75 2012
082 0 0 _a530.092
_aB
_223
084 _aSCI055000
_2bisacsh
100 1 _aGribbin, John,
_d1946-
_95599
245 1 0 _aErwin Schrödinger and the quantum revolution /
_cJohn Gribbin.
260 _aLondon
_bBantam Press
_c2012
263 _a2011
300 _a322p.;
_c25cm.
504 _aIncludes bibliographical references and index.
520 _a"This books takes us into the heart of the quantum revolution. He tells the story of Schrödinger's surprisingly colorful life (he arrived for a position at Oxford University with both his wife and mistress). And with his trade mark accessible style and popular touch explains the fascinating world of quantum mechanics, which underpins all of modern science"--
600 1 0 _aSchrödinger, Erwin,
_d1887-1961.
_924245
650 0 _aPhysics
_xPhilosophy.
_924246
650 0 _aQuantum theory.
_924247
906 _a7
_bcbc
_corignew
_d1
_eecip
_f20
_gy-gencatlg
942 _2lcc
_cMONOGRAPH
999 _c124765
_d124765